• 首页
  • 本馆介绍
  • 公告通知
  • 最新文献
  • 馆藏检索
  • 电子资源
  • 读者导购
  • 参考咨询
  • 我的图书馆
  • 登录
  • 详细信息显示
  • 放入我的书架
  • 预约/预借图书
  • 作者相关作品
  • 分类相关作品
  • 丛书相关作品
  • 出版社相关作品

书目信息

  • 表格格式
  • 工作单格式
  • 卡片格式
题名:
汉语拼音运动与汉民族标准语
    
 
作者: 王理嘉 著
分册:  
出版信息: 北京   语文出版社  2003
页数: 151页
开本: 20cm
丛书名:
单 册:
中图分类: H125.2
科图分类:
主题词: 汉语--标准化--研究 , 汉语拼音方案--研究
电子资源:
ISBN: 7-80184-150-6
000 00984nam0 2200313 450
000 00947nam0 2200301 450
000 00941nam0 2200313 450
000 00887nam0 2200289 450
000 00905nam0 2200277 450
000 00868nam0 2200265 45
001 TS2006027997
005 20061228173700.50
010    @a7-80184-150-6@dCNY7.00
100    @a20060829d2003 ekmy0chiy0120 ea
101 0  @achi
102    @aCN@b110000
105    @ay a 000yy
200 1  @a汉语拼音运动与汉民族标准语@AHan Yu Pin Yin Yun Dong Yu Han Min Zu Biao Zhun Yu@f王理嘉著@FWang Li Jia Zhu
210    @a北京@c语文出版社@d2003
215    @a151页@d20cm
320    @a有书目
606 0  @a汉语@x标准化@x研究
606 0  @a汉语拼音方案@x研究
690    @aH125.2@v4
701  0 @a王理嘉@AWang Li Jia@4著
801  0 @aCN@b中图数据@c20061228
905    @a10447@dH125.2@e29
    
    汉语拼音运动与汉民族标准语/王理嘉著.-北京:语文出版社,2003
    151页;20cm
    
    
    ISBN 7-80184-150-6:CNY7.00
    
●
相关链接 在E读中查询图书 在五车中查询图书 在当当中查询图书 在豆瓣中查询图书


正题名:汉语拼音运动与汉民族标准语     索取号:H125.2/29         预约/预借

序号 登录号 条形码 馆藏地/架位号 状态 备注
1 0605400   206054008   第二样本阅览室/ [索取号:H125.2/29] 在馆    
2 0605401   206054017   第四借阅区/ [索取号:H125.2/29] 在馆    
3 0605402   206054026   第四借阅区/ [索取号:H125.2/29] 在馆    
4 0605403   206054035   第四借阅区/ [索取号:H125.2/29] 在馆    
5 0605404   206054044   第四借阅区/ [索取号:H125.2/29] 在馆    
唐山师范学院图书馆 欢迎您!
大连网信软件有限公司© 版权所有